000 00728nam a22001337a 4500
040 _cRUA
082 _aATM TIM 2008 B195 Or.1
100 _aTIM, SOPHEA
245 _aSituation and soil quality of o taloung reser vior in roka ar commune, korng meas district, kampong cham province, ស្ថានភាព និងគុណភាពដីកសិកម្មអាងធារាសាស្ត្រអូតាលូងនៅក្នុងឃុំរកាអារ ស្រុកកងមាស ខេត្តកំពង់ចាម
260 _aPhnom Penh
_bRUA
_c2008
300 _axv, 45p.
_bill.
_c29cm.
856 _uhttps://drive.google.com/file/d/1UfgwqEX24s3JCskPMfLwVzUBN17LWhny/view?usp=sharing
942 _cATM
999 _c4252
_d4252